书目信息 |
| 题名: |
影视美学·新媒体·微电影
|
|
| 作者: | 夏光富 , 黄莎 , 夏晨洋 著 | |
| 分册: | ||
| 出版信息: | 北京 中国社会科学出版社 2023.04 |
|
| 页数: | 323页 | |
| 开本: | 24cm | |
| 丛书名: | 重庆邮电大学哲学社会科学学术文库 | |
| 单 册: | ||
| 中图分类: | J992 | |
| 科图分类: | ||
| 主题词: | 电影事业--研究--中国 | |
| 电子资源: | ||
| ISBN: | 978-7-5227-1350-2 | |
| 000 | 01137nam0 2200289 450 | |
| 001 | 012592091 | |
| 005 | 20251022200746.34 | |
| 010 | @a978-7-5227-1350-2@dCNY109.00 | |
| 100 | @a20231020d2023 em y0chiy0120 ea | |
| 101 | 0 | @achi |
| 102 | @aCN@b110000 | |
| 105 | @aa z 000yy | |
| 106 | @ar | |
| 200 | 1 | @a影视美学·新媒体·微电影@9ying shi mei xue · xin mei ti · wei dian ying@f夏光富,黄莎,夏晨洋等著 |
| 210 | @a北京@c中国社会科学出版社@d2023.04 | |
| 215 | @a323页@c图@d24cm | |
| 225 | 1 | @a重庆邮电大学哲学社会科学学术文库 |
| 300 | @a2015年度国家社会科学基金资助项目 | |
| 330 | @a本书从影视美学与新媒体传播的双重视域,结合理论研究和微电影发展实际,对微电影作出一种综合性研究,初步构建具有我国特色的微电影理论分析框架,以增进人们对微电影的理论认识,为微电影的研究、创作、传播、鉴赏以及产业化发展提供一种理论参考。 | |
| 461 | 0 | @12001 @a重庆邮电大学哲学社会科学学术文库 |
| 606 | 0 | @a电影事业@x研究@y中国 |
| 690 | @aJ992@v5 | |
| 701 | 0 | @a夏光富@9xia guang fu@4著 |
| 701 | 0 | @a黄莎@9huang sha@4著 |
| 701 | 0 | @a夏晨洋@9xia chen yang@4著 |
| 801 | 0 | @aCN@c20250909 |
| 905 | @a河南城建学院图书馆@dJ992@eX183@ZX183@f1 | |
| 影视美学·新媒体·微电影/夏光富,黄莎,夏晨洋等著.-北京:中国社会科学出版社,2023.04 |
| 323页:图;24cm.-(重庆邮电大学哲学社会科学学术文库) |
| 2015年度国家社会科学基金资助项目 |
| ISBN 978-7-5227-1350-2:CNY109.00 |
| 本书从影视美学与新媒体传播的双重视域,结合理论研究和微电影发展实际,对微电影作出一种综合性研究,初步构建具有我国特色的微电影理论分析框架,以增进人们对微电影的理论认识,为微电影的研究、创作、传播、鉴赏以及产业化发展提供一种理论参考。 |
| ● |
| 相关链接 |
|
|
|
正题名:影视美学·新媒体·微电影
索取号:J992/X183
 
预约/预借
| 序号 | 登录号 | 条形码 | 馆藏地/架位号 | 状态 | 备注 |
| 1 | 1632910 | 216329104 | 社科库309/309社科库 98排4列5层/ [索取号:J992/X183] | 在馆 |